LEADER 01121aam a2200265 i 4500 001 991002885479707536 008 160211s2008 it 001 0 ita 020 $a9788815125606 020 $a8815125604 035 $ab1424858x-39ule_inst 040 $aDip.to di Storia, Società e Studi sull'Uomo$bita 082 04$a948.903 100 1 $aBorioni, Paolo$0150648 245 10$aSolo il re ha il potere delle armi :$bCopenaghen, 18 ottobre 1660: gli Stati generali di Danimarca e l'instaurazione dell'assolutismo monarchico /$cPaolo Borioni 260 $aBologna :$bIl mulino,$c2008 300 $a207 p. ;$c22 cm. 440 3$aLe grandi date della storia costituzionale ;$v7 650 4$aMonarchia$zDanimarca$xStoria$ySec. 17. 651 4$aDanimarca$xCostituzioni politiche$ySec. 17. 907 $a.b1424858x$b12-02-16$c11-02-16 912 $a991002885479707536 945 $aLE023 948.903 BOR 1 1 $g1$i2023000141786$lle023$og$pE18.50$q-$rl$s- $t0$u0$v0$w0$x0$y.i15711651$z11-02-16 996 $aSolo il re ha il potere delle armi$9254753 997 $aUNISALENTO 998 $ale023$b12-02-16$cm$da $e-$fita$git $h0$i0 LEADER 01144nam a2200301 i 4500 001 991000762699707536 005 20020507173250.0 008 970610s1967 de ||| | eng 035 $ab10753825-39ule_inst 035 $aLE01301951$9ExL 040 $aDip.to Matematica$beng 082 0 $a515.724 084 $aAMS 43A60 084 $aAMS 47D03 100 1 $aBerglund, John F.$041906 245 10$aCompact semitopological semigroups and weakly almost periodic functions /$cJ. F. Berglund, K. H. Hofmann 260 $aBerlin :$bSpringer-Verlag,$c1967 300 $a160 p. ;$c26 cm. 490 0 $aLecture notes in mathematics,$x0075-8434 ;$v42 650 0$aAlmost periodic functions 650 0$aSemigroups of linear operators 700 1 $aHofmann, Karl Heinrich 907 $a.b10753825$b23-02-17$c28-06-02 912 $a991000762699707536 945 $aLE013 47D BER11 (1967)$g1$i2013000086132$lle013$o-$pE0.00$q-$rl$s- $t0$u2$v0$w2$x0$y.i10847522$z28-06-02 996 $aCompact semitopological semigroups and weakly almost periodic functions$9262973 997 $aUNISALENTO 998 $ale013$b01-01-97$cm$da $e-$feng$gde $h0$i1 LEADER 01947oam 2200553M 450 001 9910716173303321 005 20200213070911.6 035 $a(CKB)5470000002518380 035 $a(OCoLC)1065601112 035 $a(OCoLC)995470000002518380 035 $a(EXLCZ)995470000002518380 100 $a20071213d1926 ua 0 101 0 $aeng 135 $aurcn||||||||| 181 $ctxt$2rdacontent 182 $cc$2rdamedia 183 $acr$2rdacarrier 200 10$aAudit of accounts of collectors of customs. May 7, 1926. -- Referred to the House Calendar and ordered to be printed 210 1$a[Washington, D.C.] :$c[U.S. Government Printing Office],$d1926. 215 $a1 online resource (24 pages) 225 1 $aHouse report / 69th Congress, 1st session. House ;$vno. 1137 225 1 $a[United States congressional serial set] ;$v[serial no. 8534] 300 $aBatch processed record: Metadata reviewed, not verified. Some fields updated by batch processes. 300 $aFDLP item number not assigned. 606 $aAdministrative law 606 $aAttorneys general's opinions 606 $aAuditing 606 $aCustoms administration 606 $aLegislative amendments 606 $aTariff 606 $aBorder patrol agents 608 $aLegislative materials.$2lcgft 615 0$aAdministrative law. 615 0$aAttorneys general's opinions. 615 0$aAuditing. 615 0$aCustoms administration. 615 0$aLegislative amendments. 615 0$aTariff. 615 0$aBorder patrol agents. 701 $aChindblom$b Carl Richard$f1870-1956$pRepublican (IL)$01396312 801 0$bWYU 801 1$bWYU 801 2$bOCLCO 801 2$bOCLCQ 801 2$bOCLCA 906 $aBOOK 912 $a9910716173303321 996 $aAudit of accounts of collectors of customs. May 7, 1926. -- Referred to the House Calendar and ordered to be printed$93456194 997 $aUNINA